[Event "16th South Wales Int 2019"]
[Site "Bridgend"]
[Date "2019.07.11"]
[Round "8.6"]
[White "Byron, Alan M"]
[Black "Arkell, Keith C"]
[Result "0-1"]
[WhiteElo "2222"]
[BlackElo "2461"]
[PlyCount "134"]
[EventDate "2019.07.07"]
[EventType "swiss"]
[EventRounds "9"]
[EventCountry "WLS"]

1. e4 g6 2. d4 Bg7 3. Nf3 c6 4. c3 d6 5. h3 Nf6 6. Bd3 O-O 7. O-O b6 8. Qe2 Re8
9. a4 e5 10. dxe5 dxe5 11. Na3 Nbd7 12. Nc4 Qc7 13. b4 Nh5 14. g3 Nf8 15. Kh2
h6 16. Ng1 Ne6 17. Qc2 Bb7 18. Be2 Nf6 19. Bf3 Rad8 20. Re1 Ng5 21. Bxg5 hxg5
22. Rad1 Bc8 23. Ne3 Bf8 24. Rxd8 Rxd8 25. Rd1 Re8 26. Ne2 Kg7 27. Ng4 Ng8 28.
Ne3 a5 29. Qb2 Nf6 30. Kg2 Be6 31. Nc1 Qc8 32. Rh1 Rd8 33. bxa5 bxa5 34. c4 Qc7
35. Qc2 Bc5 36. Ng4 Nxg4 37. Bxg4 Bxg4 38. hxg4 Qd7 39. Nb3 Bb4 40. Qb2 f6 41.
Qe2 Qd3 42. Qxd3 Rxd3 43. Rb1 Rc3 44. c5 Kf7 45. Rb2 Ke6 46. Kf1 f5 47. gxf5+
gxf5 48. exf5+ Kxf5 49. Ke2 g4 50. Rb1 Rc2+ 51. Ke3 Rc3+ 52. Ke2 Ke6 53. Kf1
Kf6 54. Ke2 e4 55. Rb2 Ke5 56. Rb1 Rc2+ 57. Ke3 Ra2 58. Rh1 Ra3 59. Rh5+ Ke6
60. Kxe4 Rxb3 61. Rh6+ Kd7 62. Rh7+ Kc8 63. Rh8+ Kb7 64. Rh7+ Ka6 65. Rc7 Bxc5
66. Rxc6+ Bb6 67. Kf4 Rb4+ 0-1

[Event "16th South Wales Int 2019"]
[Site "Bridgend"]
[Date "2019.07.11"]
[Round "8.7"]
[White "Siddharth, Jagadeesh"]
[Black "Bird, Joel"]
[Result "1-0"]
[WhiteElo "2410"]
[BlackElo "1988"]
[PlyCount "103"]
[EventDate "2019.07.07"]
[EventType "swiss"]
[EventRounds "9"]
[EventCountry "WLS"]

1. d4 d5 2. c4 c6 3. Nf3 Nf6 4. Qc2 g6 5. g3 Bf5 6. Qb3 Qb6 7. Nc3 Qxb3 8. axb3
Bc2 9. Nd2 Nbd7 10. Bg2 e6 11. O-O a6 12. Nd1 Bh6 13. e3 O-O 14. h3 Rfe8 15.
Nc3 Bg7 16. f4 Rad8 17. c5 h5 18. Rf2 Re7 19. b4 Bf5 20. Nb3 Ne4 21. Nxe4 Bxe4
22. Bxe4 dxe4 23. g4 hxg4 24. hxg4 Nf6 25. g5 Nd5 26. Bd2 f5 27. gxf6 Bxf6 28.
Rg2 Kg7 29. Kf2 Rh8 30. Rag1 Rh6 31. Ke2 Kh7 32. Bc3 Bg7 33. Nd2 Nf6 34. Nc4
Nd5 35. Nd6 Nf6 36. Rg5 Rh2+ 37. R1g2 Rxg2+ 38. Rxg2 Bh6 39. Be1 Rd7 40. Bh4
Nd5 41. Nxe4 Kg7 42. Kf3 Rf7 43. Nd6 Nxf4 44. Rg4 Nd5+ 45. Nxf7 Kxf7 46. e4
Nxb4 47. Ke2 a5 48. Be1 Nc2 49. Bc3 a4 50. Rg1 a3 51. Kd3 Ne3 52. bxa3 1-0

[Event "16th South Wales Int 2019"]
[Site "Bridgend"]
[Date "2019.07.11"]
[Round "8.8"]
[White "Marusenko, Petr"]
[Black "Blackburn, Jonathan L B"]
[Result "0-1"]
[WhiteElo "2154"]
[BlackElo "2217"]
[PlyCount "130"]
[EventDate "2019.07.07"]
[EventType "swiss"]
[EventRounds "9"]
[EventCountry "WLS"]

1. d4 Nf6 2. c4 g6 3. Nc3 Bg7 4. g3 d6 5. Bg2 O-O 6. Nf3 Nc6 7. O-O a6 8. Qd3
Nd7 9. e4 b5 10. b3 Nb4 11. Qe2 c5 12. Be3 Bb7 13. Rac1 bxc4 14. bxc4 Qa5 15.
Rfd1 Rab8 16. Bg5 cxd4 17. Nd5 Bxd5 18. exd5 d3 19. Qxe7 Nc5 20. Bd2 Qd8 21.
Qxd8 Rfxd8 22. a3 Na2 23. Rb1 Nb3 24. Bb4 a5 25. Be1 a4 26. Rxd3 Rbc8 27. Bf1
Re8 28. Bb4 Nxb4 29. axb4 Rb8 30. Rdxb3 axb3 31. Rxb3 Rb6 32. Nd2 Reb8 33. b5
Ra8 34. Ne4 Ra2 35. Rf3 h6 36. Nf6+ Bxf6 37. Rxf6 Kg7 38. Rf3 Rb8 39. Bh3 Rc2
40. Rf4 f5 41. Bf1 Kf6 42. Rf3 Ke5 43. Re3+ Kd4 44. Re6 Ra8 45. Rxg6 Ra1 46.
Kg2 Raa2 47. b6 Rxf2+ 48. Kg1 Ke3 49. Re6+ Kf3 50. Re1 Rab2 51. Rd1 Rfc2 52.
Rd4 Rxb6 53. Rf4+ Ke3 54. Rxf5 Rbb2 55. h4 Rf2 56. g4 Rxf5 57. gxf5 Kf4 58. f6
Rb7 59. Kf2 Rf7 60. h5 Rxf6 61. Be2 Rf8 62. Bd3 Ra8 63. Ke2 Ra2+ 64. Kd1 Ke3
65. Bf5 Kd4 0-1

[Event "16th South Wales Int 2019"]
[Site "Bridgend"]
[Date "2019.07.11"]
[Round "8.9"]
[White "Nechio, Douglas Egidio Gome"]
[Black "Murphy, Conor E"]
[Result "0-1"]
[WhiteElo "1819"]
[BlackElo "2362"]
[PlyCount "54"]
[EventDate "2019.07.07"]
[EventType "swiss"]
[EventRounds "9"]
[EventCountry "WLS"]

1. e4 e5 2. Nf3 Nc6 3. Nc3 Nf6 4. d4 exd4 5. Nxd4 Bb4 6. Nxc6 bxc6 7. Bd3 d5 8.
exd5 cxd5 9. O-O O-O 10. h3 Re8 11. Qf3 c6 12. Bf4 Qe7 13. Ne2 Ne4 14. c3 Bc5
15. Rad1 a5 16. Ng3 g6 17. Be3 Ng5 18. Bxg5 Qxg5 19. c4 Rb8 20. cxd5 cxd5 21.
b3 Rb4 22. Ne2 Bd6 23. Rfe1 Rh4 24. Nc3 Rxe1+ 25. Rxe1 Rxh3 26. Qxd5 Qxd5 27.
Nxd5 Rxd3 0-1

[Event "16th South Wales Int 2019"]
[Site "Bridgend"]
[Date "2019.07.11"]
[Round "8.10"]
[White "Ratnesan, Ranesh"]
[Black "Brown, Thomas"]
[Result "1/2-1/2"]
[WhiteElo "2080"]
[BlackElo "2092"]
[PlyCount "51"]
[EventDate "2019.07.07"]
[EventType "swiss"]
[EventRounds "9"]
[EventCountry "WLS"]

1. d4 g6 2. c4 c5 3. d5 Bg7 4. e4 d6 5. Bd3 e6 6. Nc3 Ne7 7. Bf4 e5 8. Be3 O-O
9. f3 f5 10. Nge2 Nd7 11. Qd2 Nf6 12. h3 Kh8 13. O-O-O f4 14. Bf2 Nh5 15. Kb1
a6 16. a3 Bd7 17. b4 b6 18. Nc1 Qc7 19. Nb3 Rfb8 20. Ka2 Nc8 21. Qc2 Bf8 22.
Nb1 Ba4 23. Nc3 Bd7 24. Nb1 Ba4 25. Nc3 Bd7 26. Nb1 1/2-1/2

[Event "16th South Wales Int 2019"]
[Site "Bridgend"]
[Date "2019.07.11"]
[Round "8.11"]
[White "Jones, Derek"]
[Black "Wilson, Matthew R"]
[Result "1-0"]
[WhiteElo "1937"]
[BlackElo "1817"]
[PlyCount "149"]
[EventDate "2019.07.07"]
[EventType "swiss"]
[EventRounds "9"]
[EventCountry "WLS"]

1. Nf3 Nf6 2. c4 e6 3. Nc3 d5 4. d4 Be7 5. Bg5 h6 6. Bh4 O-O 7. e3 b6 8. cxd5
exd5 9. Rc1 Bb7 10. Be2 Nbd7 11. O-O c5 12. Qc2 Rc8 13. Rfd1 Ne4 14. Bxe7 Qxe7
15. dxc5 Nxc3 16. Qxc3 bxc5 17. Qa3 Nf6 18. h3 Ne4 19. Nd2 f5 20. Bf3 Qh4 21.
Nxe4 fxe4 22. Bg4 Rxf2 23. Kh2 Rcf8 24. Rg1 Qf6 25. Qxc5 h5 26. Bd7 Qe5+ 27.
Kh1 Rxb2 28. Rgf1 Rff2 29. Rxf2 Rxf2 30. Qxa7 Qb2 31. Rg1 d4 32. Be6+ Kh7 33.
Qc5 g6 34. Qe7+ Kh6 35. h4 d3 36. Bg8 Qh8 37. Qg5+ Kg7 38. Bb3 Qf8 39. Qe5+ Qf6
40. Qg3 Re2 41. Rc1 Kh6 42. Rc7 d2 43. Kh2 Re1 44. Bg8 Rh1+ 45. Kxh1 d1=Q+ 46.
Kh2 g5 47. hxg5+ Qxg5 48. Rh7+ Kg6 49. Rg7+ Kxg7 50. Qxg5+ Kf8 51. Be6 Qd6+ 52.
Qf4+ Qxf4+ 53. exf4 Ba6 54. g3 Ke7 55. Bd5 e3 56. Kg2 Kf6 57. Kf3 e2 58. Kf2
Kf5 59. Bf3 h4 60. gxh4 e1=Q+ 61. Kxe1 Kxf4 62. Kf2 Kf5 63. Ke3 Kg6 64. Kf4 Bb5
65. Ke5 Ba4 66. Kd6 Bc2 67. Kc5 Ba4 68. Kb4 Bd7 69. Be2 Bc6 70. Bb5 Bd5 71. a4
Kh5 72. a5 Bb7 73. Kc5 Kxh4 74. Kb6 Bf3 75. a6 1-0

[Event "16th South Wales Int 2019"]
[Site "Bridgend"]
[Date "2019.07.11"]
[Round "8.12"]
[White "Richardson, John R"]
[Black "May, Adam J"]
[Result "1/2-1/2"]
[WhiteElo "2239"]
[BlackElo "1917"]
[PlyCount "69"]
[EventDate "2019.07.07"]
[EventType "swiss"]
[EventRounds "9"]
[EventCountry "WLS"]

1. d4 d5 2. c4 e6 3. Nc3 Nf6 4. cxd5 exd5 5. Bg5 Be7 6. Qc2 c6 7. e3 Nbd7 8.
Bd3 h6 9. Bh4 Nh5 10. Bxe7 Qxe7 11. Nge2 Nhf6 12. O-O-O Nb6 13. Kb1 Bd7 14. Rc1
O-O-O 15. Na4 Nxa4 16. Qxa4 Kb8 17. Rc2 Rc8 18. Rhc1 Rc7 19. Nc3 Rhc8 20. Qb3
Be6 21. Na4 Nd7 22. Nc5 Nxc5 23. Rxc5 Ka8 24. Qa4 Qd6 25. g3 Bd7 26. Qc2 Qf6
27. Ka1 g6 28. a3 Be8 29. Bf1 Bd7 30. Bg2 Be6 31. f3 Qd8 32. Qd2 Rd7 33. Bf1 h5
34. Bd3 Kb8 35. Kb1 1/2-1/2

[Event "16th South Wales Int 2019"]
[Site "Bridgend"]
[Date "2019.07.11"]
[Round "8.13"]
[White "Whitehead, Mark A"]
[Black "Wilks, Simon"]
[Result "1/2-1/2"]
[WhiteElo "1887"]
[BlackElo "2065"]
[PlyCount "79"]
[EventDate "2019.07.07"]
[EventType "swiss"]
[EventRounds "9"]
[EventCountry "WLS"]

1. e4 e6 2. Qe2 c5 3. g3 Nc6 4. c3 Be7 5. f4 d5 6. d3 Nf6 7. Bg2 b6 8. Nh3 Ba6
9. e5 Nd7 10. Nd2 Rc8 11. O-O b5 12. a3 Qb6 13. Nf2 b4 14. Qg4 g6 15. c4 h5 16.
Qd1 bxa3 17. Rxa3 Nb4 18. Qa4 Bb7 19. Rd1 a6 20. Re1 Bc6 21. Qd1 Qb7 22. h4 Nb6
23. Kh2 Rd8 24. cxd5 Bxd5 25. Bxd5 Qxd5 26. Nde4 Kf8 27. Be3 Kg7 28. Qd2 Rc8
29. Rd1 Rhd8 30. Qc3 Qc6 31. Qb3 N6d5 32. Bd2 c4 33. dxc4 Qxc4 34. Qxc4 Rxc4
35. Bxb4 Rxb4 36. Rxa6 Rxb2 37. Rc1 Rdb8 38. Kh3 R2b3 39. Kh2 Rb2 40. Kh3
1/2-1/2

[Event "16th South Wales Int 2019"]
[Site "Bridgend"]
[Date "2019.07.11"]
[Round "8.14"]
[White "Garcia, Jason"]
[Black "Camp, Imogen A L"]
[Result "1-0"]
[WhiteElo "2053"]
[BlackElo "1850"]
[PlyCount "51"]
[EventDate "2019.07.07"]
[EventType "swiss"]
[EventRounds "9"]
[EventCountry "WLS"]

1. Nf3 d5 2. c4 e6 3. b3 Nf6 4. g3 Be7 5. Bg2 O-O 6. O-O b6 7. Bb2 Bb7 8. e3 c5
9. Qe2 Nc6 10. Rd1 Qc7 11. Nc3 Rfd8 12. d4 Rac8 13. Rac1 dxc4 14. bxc4 cxd4 15.
exd4 Na5 16. Nb5 Qb8 17. d5 Ba6 18. Be5 Qb7 19. dxe6 Rxd1+ 20. Rxd1 Bc5 21.
Bxf6 Bxb5 22. cxb5 gxf6 23. Rd7 Qb8 24. exf7+ Kf8 25. Nd4 Bxd4 26. Qe7+ 1-0

[Event "16th South Wales Int 2019"]
[Site "Bridgend"]
[Date "2019.07.11"]
[Round "8.15"]
[White "Phillips, William"]
[Black "Cannon, Richard J"]
[Result "1/2-1/2"]
[WhiteElo "1847"]
[BlackElo "2013"]
[PlyCount "129"]
[EventDate "2019.07.07"]
[EventType "swiss"]
[EventRounds "9"]
[EventCountry "WLS"]

1. d4 Nf6 2. Nf3 d6 3. Nc3 Bf5 4. Nh4 Bd7 5. e4 e5 6. dxe5 Nxe4 7. Nf3 Nxc3 8.
bxc3 dxe5 9. Nxe5 Bd6 10. Nxd7 Qe7+ 11. Qe2 Nxd7 12. Qxe7+ Bxe7 13. Be3 c5 14.
O-O-O O-O-O 15. Bd3 g6 16. Rhe1 Bf6 17. c4 Rhe8 18. Kb1 Re6 19. Kc1 Ra6 20. Kd2
Rxa2 21. Ke2 a5 22. Kf1 a4 23. Rb1 Bc3 24. Red1 Rb2 25. Ra1 Rb4 26. Ra2 Ne5 27.
Bxc5 Rxc4 28. Bb6 Rd7 29. Ke2 Rc6 30. Be3 Nxd3 31. cxd3 b5 32. d4 Rd5 33. Rc1
Kb7 34. Kd3 Ba5 35. Rb1 Ka6 36. Ke4 Rd7 37. Rd1 Rc4 38. Kf3 Bc3 39. d5 Ka5 40.
d6 b4 41. Rd5+ Ka6 42. Rxa4+ Kb7 43. Rb5+ Kc6 44. Rb6+ Kd5 45. Ra5+ Ke6 46. Bf4
f6 47. h4 b3 48. Ra8 b2 49. Rab8 f5 50. g3 Bf6 51. Rb5 Rc2 52. Re8+ Kf7 53.
Rbb8 Bd4 54. Be3 Bxe3 55. Rxe3 Rxd6 56. Reb3 Rdd2 57. R8b7+ Kf6 58. R3b6+ Ke5
59. Rb5+ Kf6 60. R5b6+ Ke5 61. Rb5+ Kd4 62. Rb4+ Kd3 63. Rb3+ Kd4 64. R3b4+ Ke5
65. R4b5+ 1/2-1/2

[Event "16th South Wales Int 2019"]
[Site "Bridgend"]
[Date "2019.07.11"]
[Round "8.16"]
[White "Hewitt, William"]
[Black "Parry, Matthew"]
[Result "1/2-1/2"]
[WhiteElo "2005"]
[BlackElo "1909"]
[PlyCount "64"]
[EventDate "2019.07.07"]
[EventRounds "9"]
[EventCountry "WLS"]

1. e4 d5 2. exd5 Nf6 3. d4 Bg4 4. Bb5+ Nbd7 5. f3 Bf5 6. Nc3 a6 7. Ba4 b5 8.
Bb3 Nb6 9. Nge2 b4 10. Ng3 bxc3 11. Nxf5 cxb2 12. Bxb2 Nfxd5 13. c4 e6 14. Qe2
Bb4+ 15. Kf2 O-O 16. Ng3 Nf6 17. a3 Be7 18. Rad1 c6 19. Rhe1 Rb8 20. Kg1 Qc7
21. Ne4 Nbd7 22. Rd3 c5 23. Qc2 cxd4 24. Bxd4 Nxe4 25. Rxe4 Nc5 26. Bxc5 Bxc5+
27. Kh1 Bxa3 28. Rh4 g6 29. Rhd4 Qe5 30. Qd1 a5 31. Rd7 Bb2 32. g3 Qc5 1/2-1/2

[Event "16th South Wales Int 2019"]
[Site "Bridgend"]
[Date "2019.07.11"]
[Round "8.17"]
[White "Spanton, Tim R"]
[Black "Davis, Lee"]
[Result "1/2-1/2"]
[WhiteElo "1900"]
[BlackElo "1937"]
[PlyCount "179"]
[EventDate "2019.07.07"]
[EventType "swiss"]
[EventRounds "9"]
[EventCountry "WLS"]

1. c4 g6 2. g3 Bg7 3. Bg2 c5 4. Nc3 Nc6 5. d3 e6 6. Bxc6 bxc6 7. f4 Ne7 8. Nf3
d6 9. e3 O-O 10. O-O Qc7 11. Qc2 Bd7 12. Bd2 Rfb8 13. Nd1 Qd8 14. Bc3 Qf8 15.
Bxg7 Qxg7 16. Rb1 f6 17. Nc3 Nf5 18. Qd2 h5 19. Ne2 e5 20. fxe5 fxe5 21. e4 Nh6
22. Kg2 Rf8 23. Ng5 Rxf1 24. Rxf1 Rf8 25. Rxf8+ Qxf8 26. h3 Nf7 27. Ng1 Nxg5
28. Qxg5 Kg7 29. Qd2 Qf7 30. Qe3 Qe6 31. Qf2 Qf6 32. Qxf6+ Kxf6 33. Nf3 g5 34.
h4 gxh4 35. gxh4 Bg4 36. Ne1 Be6 37. Kf2 Bc8 38. Nc2 Bg4 39. Ne3 Bc8 40. Ke2
Ke7 41. Kd2 Kf6 42. Kc3 Ke7 43. a3 Kf6 44. b4 cxb4+ 45. axb4 Bd7 46. c5 dxc5
47. bxc5 Bg4 48. Nc4 Ke6 49. Kb4 Be2 50. Nb2 Kd7 51. Nc4 Ke6 52. Kc3 Bf1 53.
Na5 Kd7 54. Nb7 Be2 55. Nd6 Bg4 56. Nc4 Ke6 57. Ne3 Kf6 58. Nc2 Ke6 59. Kc4 Kd7
60. Kb4 Be2 61. Kc4 Bg4 62. Nb4 Kc7 63. Kc3 Be2 64. Kc2 Bg4 65. Kb3 Be2 66. Kc4
Bg4 67. Nc2 Kd7 68. Kc3 Ke7 69. Ne3 Ke6 70. Nc4 Be2 71. Nd6 Kd7 72. Kd2 Bg4 73.
Ke1 Ke7 74. Kf2 Bd7 75. Ke3 Bg4 76. Kd2 Kd7 77. Kc3 Be2 78. Nf5 Bg4 79. Ne3 Ke6
80. Nf1 Kd7 81. Ng3 Kc7 82. Kb4 Kd7 83. Ka5 Kc7 84. Ka6 Kb8 85. Nh1 Bf3 86. Ng3
Bg4 87. Ka5 Kc7 88. Kb4 Kd7 89. Nh1 Bf3 90. Ng3 1/2-1/2

[Event "16th South Wales Int 2019"]
[Site "Bridgend"]
[Date "2019.07.11"]
[Round "8.18"]
[White "Borkowski, J Andrew"]
[Black "Pleasants, Allan J"]
[Result "0-1"]
[WhiteElo "1769"]
[BlackElo "2049"]
[PlyCount "81"]
[EventDate "2019.07.07"]
[EventType "swiss"]
[EventRounds "9"]
[EventCountry "WLS"]

1. d4 g6 2. e4 Bg7 3. Nf3 d6 4. Bd3 Nc6 5. c3 Nf6 6. O-O O-O 7. Re1 e5 8. d5
Ne7 9. h3 Ne8 10. a4 f5 11. Bg5 f4 12. Bxe7 Qxe7 13. Nbd2 g5 14. b4 Kh8 15. c4
Bf6 16. Nh2 Qf7 17. Be2 Ng7 18. Ng4 Be7 19. Ra3 Bd7 20. Rc3 a5 21. b5 b6 22.
Nf1 Qg6 23. Qd3 Rf7 24. Nd2 h5 25. Nh2 Raf8 26. f3 Ne8 27. Ndf1 Nf6 28. Qd1 Rg8
29. Nd2 Rh7 30. Ndf1 Qf7 31. Nd2 Rg6 32. Rf1 Qg7 33. Kf2 g4 34. fxg4 hxg4 35.
Nxg4 Nxg4+ 36. Bxg4 Bh4+ 37. Kg1 Bxg4 38. hxg4 Rxg4 39. Qe2 Bg3 40. Rxg3 fxg3
41. Qf3 0-1

[Event "16th South Wales Int 2019"]
[Site "Bridgend"]
[Date "2019.07.11"]
[Round "8.19"]
[White "Waddington, Mike P"]
[Black "Harris, Calum"]
[Result "0-1"]
[WhiteElo "2014"]
[BlackElo "1764"]
[PlyCount "90"]
[EventDate "2019.07.07"]
[EventType "swiss"]
[EventRounds "9"]
[EventCountry "WLS"]

1. c4 g6 2. Nc3 Nf6 3. g3 Bg7 4. Bg2 O-O 5. Rb1 a5 6. a3 c6 7. e4 d6 8. Nge2
Nbd7 9. O-O Rb8 10. d4 e5 11. d5 Nb6 12. b3 Ne8 13. f4 f5 14. Bb2 Bd7 15. a4 c5
16. Qd2 Na8 17. Rbe1 Qb6 18. Nb5 Nac7 19. Kh1 Nxb5 20. axb5 fxe4 21. fxe5 Rxf1+
22. Rxf1 dxe5 23. Bc3 Ra8 24. Ra1 a4 25. Bxe4 Nd6 26. Bg2 Qd8 27. Rxa4 Rxa4 28.
bxa4 Nxc4 29. Qa2 Nd6 30. Bd2 b6 31. Nc3 Bf5 32. Be3 Bd3 33. a5 e4 34. Na4 Bc4
35. Qd2 Qf6 36. Nxb6 Bxb5 37. Bxc5 Qa1+ 38. Bg1 Bc3 39. Qf2 Nf5 40. Bxe4 Bd4
41. Qg2 Bf1 42. Qc2 Bd3 43. Qc8+ Kg7 44. Qc7+ Kh6 45. Qf4+ g5 0-1

[Event "16th South Wales Int 2019"]
[Site "Bridgend"]
[Date "2019.07.11"]
[Round "8.20"]
[White "Bevan, Peter M"]
[Black "Ong, Weng Yan"]
[Result "0-1"]
[WhiteElo "1942"]
[BlackElo "1624"]
[PlyCount "100"]
[EventDate "2019.07.07"]
[EventType "swiss"]
[EventRounds "9"]
[EventCountry "WLS"]

1. e4 e6 2. Nc3 d5 3. Nf3 dxe4 4. Nxe4 Nd7 5. d4 Ngf6 6. Bd3 Nxe4 7. Bxe4 Nf6
8. Bd3 c5 9. O-O cxd4 10. Nxd4 Bc5 11. Nb3 Bb6 12. Qf3 O-O 13. Bg5 Qd5 14. Qxd5
Nxd5 15. c4 Nb4 16. Be4 f6 17. Bf4 e5 18. Bd2 Na6 19. Bd5+ Kh8 20. Rac1 Rd8 21.
Rfd1 Nc5 22. Bb4 Nxb3 23. axb3 Bg4 24. Rd2 Bd4 25. Bc3 Bxc3 26. bxc3 Rd7 27.
Ra2 a6 28. f3 Bf5 29. Kf2 Re8 30. Rd2 Be6 31. Rcd1 Red8 32. Ke3 Bxd5 33. Rxd5
Rxd5 34. Rxd5 Rxd5 35. cxd5 Kg8 36. c4 b6 37. b4 Kf7 38. g4 g6 39. Ke4 a5 40.
b5 a4 41. Kd3 f5 42. gxf5 gxf5 43. c5 Ke7 44. cxb6 Kd6 45. Kc4 a3 46. Kb3 e4
47. fxe4 fxe4 48. b7 Kc7 49. b6+ Kxb7 50. d6 Kxb6 0-1

[Event "16th South Wales Int 2019"]
[Site "Bridgend"]
[Date "2019.07.11"]
[Round "8.21"]
[White "Chung, Daniel"]
[Black "Jukes, Sam"]
[Result "1/2-1/2"]
[WhiteElo "1434"]
[BlackElo "1895"]
[PlyCount "90"]
[EventDate "2019.07.07"]
[EventType "swiss"]
[EventRounds "9"]
[EventCountry "WLS"]

1. d4 Nf6 2. c4 e6 3. Nc3 d5 4. Nf3 Be7 5. Bf4 O-O 6. e3 b6 7. cxd5 exd5 8. Bb5
Bb7 9. O-O c5 10. Rc1 a6 11. Ba4 b5 12. Bc2 c4 13. a3 Nc6 14. Ne5 Nxe5 15. Bxe5
Qd7 16. Qf3 Qg4 17. Qxg4 Nxg4 18. Bg3 Bc6 19. Bd1 Nf6 20. Bf3 a5 21. Bh4 Rfd8
22. Ra1 b4 23. axb4 axb4 24. Rxa8 Rxa8 25. Nxd5 Bxd5 26. Bxf6 Bxf3 27. Bxe7 Be2
28. Re1 c3 29. Bxb4 c2 30. Rc1 Bd1 31. Kf1 f5 32. g3 Kf7 33. Ke1 Ke6 34. Rxd1
cxd1=Q+ 35. Kxd1 Kd5 36. Ke2 Ra1 37. Kf3 Rf1 38. h4 g6 39. Bc5 Rb1 40. b4 Rb2
41. Kg2 Ke4 42. Be7 h5 43. Bc5 Rb3 44. Be7 Rb2 45. Bc5 Rb3 1/2-1/2

[Event "16th South Wales Int 2019"]
[Site "Bridgend"]
[Date "2019.07.11"]
[Round "8.22"]
[White "Robinson, David"]
[Black "Miga, Tomasz"]
[Result "1-0"]
[WhiteElo "1840"]
[BlackElo "1593"]
[PlyCount "129"]
[EventDate "2019.07.07"]
[EventType "swiss"]
[EventRounds "9"]
[EventCountry "WLS"]

1. d4 d5 2. Nf3 Nf6 3. Bf4 c5 4. e3 Nc6 5. c3 e6 6. Nbd2 Bd6 7. Ne5 Qc7 8. Ndf3
O-O 9. Bd3 b6 10. O-O Bb7 11. Rc1 Ne4 12. h3 f6 13. Nxc6 Bxc6 14. Bxd6 Qxd6 15.
dxc5 Nxc5 16. Nd4 Nxd3 17. Qxd3 Rfc8 18. Rfd1 Ba4 19. Rd2 Bd7 20. Re1 Qc5 21.
e4 e5 22. Nb3 Qc6 23. Qxd5+ Be6 24. Qxc6 Rxc6 25. Red1 Rac8 26. Rd8+ Kf7 27.
Rxc8 Rxc8 28. f3 Ke7 29. Kf2 Rd8 30. Rxd8 Kxd8 31. Nc1 Kd7 32. b3 Kc6 33. Ke3
Kb5 34. Kd3 a5 35. Kc2 a4 36. Nd3 axb3+ 37. axb3 Kc6 38. c4 Bf7 39. Kc3 Be6 40.
Nb4+ Kc5 41. Nd5 Kc6 42. Kb4 Bf7 43. Ne7+ Kb7 44. Nf5 Kc6 45. Nxg7 Bg6 46. Nf5
Be8 47. Ne3 Bd7 48. Nd5 f5 49. Ne7+ Kd6 50. Nxf5+ Ke6 51. Ne3 Kf6 52. h4 Kg6
53. Nd5 Be6 54. g4 h5 55. Ne3 Bd7 56. Kc3 Bc6 57. Kd3 hxg4 58. Nxg4 Kh5 59.
Nxe5 Be8 60. f4 Kxh4 61. b4 Kg3 62. f5 Kf4 63. Kd4 Kg5 64. c5 bxc5+ 65. bxc5
1-0

[Event "16th South Wales Int 2019"]
[Site "Bridgend"]
[Date "2019.07.11"]
[Round "8.23"]
[White "Hirst, Joe"]
[Black "Davies, Sam"]
[Result "0-1"]
[WhiteElo "1632"]
[BlackElo "1705"]
[PlyCount "88"]
[EventDate "2019.07.07"]
[EventType "swiss"]
[EventRounds "9"]
[EventCountry "WLS"]

1. e4 e6 2. Nf3 d5 3. e5 c5 4. b4 b6 5. bxc5 bxc5 6. c3 Ne7 7. d4 c4 8. Ba3 Na6
9. Qa4+ Qd7 10. Qxd7+ Bxd7 11. Be2 Nc8 12. Bxf8 Rxf8 13. Na3 Nb6 14. Kd2 Ke7
15. Rab1 Nc7 16. Bd1 f6 17. Rf1 Be8 18. h3 Bh5 19. g4 Bg6 20. Bc2 Bxc2 21. Nxc2
Na6 22. Nb4 Nxb4 23. Rxb4 Rab8 24. Rfb1 fxe5 25. Ke3 e4 26. Ne5 Rbc8 27. f3
exf3 28. Nxf3 Rc7 29. a4 Kd6 30. a5 Nd7 31. Rb7 h6 32. a6 Nb6 33. Rxc7 Kxc7 34.
Ne5 Kd6 35. Ng6 Rf7 36. Ne5 Rc7 37. Rb4 Nd7 38. Nf7+ Ke7 39. Ne5 Nxe5 40. dxe5
Kd7 41. Kd4 Kc6 42. Rb2 Rf7 43. Rb4 Rf3 44. Rb7 Rd3# 0-1

[Event "16th South Wales Int 2019"]
[Site "Bridgend"]
[Date "2019.07.11"]
[Round "8.24"]
[White "Hurn, Robert Aj"]
[Black "Hughes, Anthony"]
[Result "1/2-1/2"]
[WhiteElo "1615"]
[BlackElo "1900"]
[PlyCount "43"]
[EventDate "2019.07.07"]
[EventType "swiss"]
[EventRounds "9"]
[EventCountry "WLS"]

1. d4 Nf6 2. c4 e6 3. Nc3 Bb4 4. e3 O-O 5. Bd3 d5 6. Nf3 dxc4 7. Bxc4 c5 8. O-O
b6 9. a3 Bxc3 10. bxc3 Qe7 11. Qe2 Bb7 12. Rd1 Nbd7 13. Bb2 Rac8 14. Rac1 Rfd8
15. Ba6 Bxa6 16. Qxa6 Nb8 17. Qe2 c4 18. e4 Qb7 19. Re1 Nbd7 20. Rcd1 Nf8 21.
Bc1 h6 22. Ne5 1/2-1/2

[Event "16th South Wales Int 2019"]
[Site "Bridgend"]
[Date "2019.07.11"]
[Round "8.25"]
[White "Sivarajasingam, Venetia"]
[Black "Robertson, Jim"]
[Result "1-0"]
[WhiteElo "1745"]
[BlackElo "1580"]
[PlyCount "73"]
[EventDate "2019.07.07"]
[EventType "swiss"]
[EventRounds "9"]
[EventCountry "WLS"]

1. e4 c6 2. d4 d5 3. Nc3 dxe4 4. Nxe4 Bf5 5. Ng3 Bg6 6. h4 h6 7. Nf3 Nd7 8. h5
Bh7 9. Bd3 Bxd3 10. Qxd3 e6 11. Bf4 Qa5+ 12. Bd2 Qc7 13. O-O-O O-O-O 14. Kb1
Ngf6 15. Ne4 Nc5 16. Nxc5 Bxc5 17. Qc4 Bd6 18. Qa4 Ne4 19. Be3 Bf4 20. Bxf4
Qxf4 21. Rh4 Qf5 22. Qxa7 Nxf2 23. Re1 Ng4 24. a4 Kc7 25. Qc5 Qxc5 26. dxc5 Nf6
27. Ne5 Rhf8 28. Re3 Rd5 29. b4 b6 30. cxb6+ Kxb6 31. a5+ Kb7 32. Rc4 Rd1+ 33.
Kb2 Nd5 34. Rg3 Re1 35. Nxc6 Ne3 36. Rc5 Nf5 37. Rd3 1-0

[Event "16th South Wales Int 2019"]
[Site "Bridgend"]
[Date "2019.07.11"]
[Round "8.26"]
[White "Thomas, Roy"]
[Black "Williams, David J"]
[Result "1/2-1/2"]
[WhiteElo "1708"]
[BlackElo "1519"]
[PlyCount "70"]
[EventDate "2019.07.07"]
[EventType "swiss"]
[EventRounds "9"]
[EventCountry "WLS"]

1. f4 d5 2. e3 Nf6 3. Nf3 c5 4. d3 Nc6 5. Be2 g6 6. O-O Bg7 7. Nc3 e6 8. e4 d4
9. Na4 b6 10. Bd2 Bb7 11. Qe1 O-O 12. c4 Rc8 13. Rb1 Qe7 14. a3 Rfd8 15. b3 Ng4
16. Qc1 Ne3 17. Bxe3 dxe3 18. Qxe3 Nd4 19. Qd2 Bxe4 20. Nxd4 Bxd4+ 21. Kh1 Bc6
22. Nc3 Qf6 23. Na2 h5 24. Bf3 Qf5 25. Rbd1 Bg7 26. Nc3 Bxf3 27. Rxf3 Bxc3 28.
Qxc3 Rd4 29. Qd2 Rcd8 30. h3 a6 31. Kh2 h4 32. Qe3 f6 33. Re1 Kf7 34. Rd1 a5
35. a4 R8d6 1/2-1/2

[Event "16th South Wales Int 2019"]
[Site "Bridgend"]
[Date "2019.07.11"]
[Round "8.27"]
[White "Jaberansari, Daniel"]
[Black "Williams, Ron"]
[Result "1/2-1/2"]
[WhiteElo "1383"]
[BlackElo "1644"]
[PlyCount "36"]
[EventDate "2019.07.07"]
[EventType "swiss"]
[EventRounds "9"]
[EventCountry "WLS"]

1. e4 d6 2. d4 Nf6 3. Nc3 Nbd7 4. Bc4 e5 5. f4 Be7 6. Nf3 exf4 7. O-O O-O 8. e5
dxe5 9. dxe5 Ne8 10. e6 fxe6 11. Bxe6+ Kh8 12. Nd4 Bd6 13. Kh1 Nc5 14. Bxc8
Rxc8 15. Nd5 Qd7 16. Bxf4 Ne6 17. Bxd6 Nxd6 18. Nxe6 Rxf1+ 1/2-1/2

[Event "16th South Wales Int 2019"]
[Site "Bridgend"]
[Date "2019.07.11"]
[Round "8.28"]
[White "Orton, Paul"]
[Black "O`rourke, Kevin"]
[Result "1-0"]
[WhiteElo "1584"]
[BlackElo "1266"]
[PlyCount "67"]
[EventDate "2019.07.07"]
[EventType "swiss"]
[EventRounds "9"]
[EventCountry "WLS"]

1. d4 d5 2. Bf4 Nf6 3. e3 a6 4. Nf3 e6 5. Bd3 Ne4 6. Nbd2 Bd6 7. Nxe4 dxe4 8.
Bxe4 Bxf4 9. exf4 Nd7 10. O-O Nf6 11. Bd3 Qd6 12. Qd2 Nd5 13. g3 Bd7 14. Rfe1
O-O-O 15. a3 Bc6 16. Ne5 Be8 17. c3 Qe7 18. Qe2 Rd6 19. Qf3 h6 20. c4 Bc6 21.
Nxc6 bxc6 22. cxd5 cxd5 23. Qe2 Qf6 24. Bxa6+ Kd7 25. Qb5+ Ke7 26. Qc5 Kd7 27.
Bb5+ Kc8 28. Rac1 Qd8 29. Qa7 Rb6 30. Qxb6 Qe7 31. Rc3 h5 32. Rec1 Rd8 33.
Rxc7+ Qxc7 34. Qxc7# 1-0